000 00419pab a2200157 454500
008 180718b2007 xxu||||| |||| 00| 0 eng d
100 _aOrr, Marion
245 _aCitizen evaluations of local police: personal experience or symbolic attitudes?
260 _c2007
300 _ap.649-68.
362 _aJan
650 _aPolice
700 _aWest, Darrell M.
773 _aAdministration and Society
909 _a72724
999 _c72724
_d72724